000 00298nam a22001217a 4500
082 _a894.812.3
_bKAN/O
100 _aKANAKA RAGAVAN
245 _aORISSA KADAKAL
_bINDIAN NADIDI KADAKAL
260 _aTHRISSUR
_bH&C PUBLISHING
300 _a48
650 _aMALAYALAM SHORT STORIES
_zKERALA
942 _cBK
999 _c1145
_d1145